Emergency preparedness : a safety planning guide for people, property, and business continuity /

Bibliographic Details
Main Authors: Casavant, David A., (Author), Philpott, Don, 1946- (Author)
Format: eBook
Language:English
Published: Lanham, Maryland : Bernan Press, 2016.
Edition:Second edition.
Subjects:
Online Access:Click to View
LEADER 01820nam a2200445 i 4500
001 EBC4428211
003 MiAaPQ
005 20200520144314.0
006 m o d |
007 cr cnu||||||||
008 160611t20162016mdu o 001 0 eng d
020 |z 9781598887914 
020 |a 9781598887921 (e-book) 
035 |a (MiAaPQ)EBC4428211 
035 |a (Au-PeEL)EBL4428211 
035 |a (CaPaEBR)ebr11171706 
035 |a (CaONFJC)MIL901474 
035 |a (OCoLC)937999476 
040 |a MiAaPQ  |b eng  |e rda  |e pn  |c MiAaPQ  |d MiAaPQ 
050 4 |a HD49  |b .C38 2016 
082 0 |a 658.4/77  |2 23 
100 1 |a Casavant, David A.,  |e author. 
245 1 0 |a Emergency preparedness :  |b a safety planning guide for people, property, and business continuity /  |c Don Philpott and David Casavant. 
250 |a Second edition. 
264 1 |a Lanham, Maryland :  |b Bernan Press,  |c 2016. 
264 4 |c 2016 
300 |a 1 online resource (465 pages) 
336 |a text  |2 rdacontent 
337 |a computer  |2 rdamedia 
338 |a online resource  |2 rdacarrier 
500 |a Includes index. 
588 |a Description based on print version record. 
590 |a Electronic reproduction. Ann Arbor, MI : ProQuest, 2016. Available via World Wide Web. Access may be limited to ProQuest affiliated libraries. 
650 0 |a Emergency management. 
650 0 |a Business planning. 
655 4 |a Electronic books. 
700 1 |a Philpott, Don,  |d 1946-  |e author. 
776 0 8 |i Print version:  |a Casavant, David A.  |t Emergency preparedness : a safety planning guide for people, property, and business continuity.  |b Second edition.  |d Lanham, Maryland : Bernan Press, c2016   |h vi, 455 pages   |z 9781598887914  |w 2015051282 
797 2 |a ProQuest (Firm) 
856 4 0 |u https://ebookcentral.proquest.com/lib/matrademy/detail.action?docID=4428211  |z Click to View